Statistics for WNBA 2K21 Top 100 Players

Click here to take the quiz!

General Stats

  • This quiz has been taken 80 times
  • The average score is 28 of 100

Answer Stats

ClubPositionOverallPlayer% Correct
New York LibertyC79Amanda Zahui B
84%
Seattle StormPG/SG86Sue Bird
79%
Los Angeles SparksPF/C93Candace Parker
75%
Phoenix MercuryC91Brittney Griner
73%
Chicago SkyPF77Cheyenne Parker
69%
Seattle StormPF/SF95Breanna Stewart
65%
Las Vegas AcesPF/C94A'ja Wilson
64%
Washington MysticsPF/C96Elena Delle Donne
62%
Phoenix MercurySG/SF91Diana Taurasi
60%
Las Vegas AcesC91Liz Cambage
56%
Phoenix MercuryPG88Skylar Diggins-Smith
56%
Connecticut SunPF/C92Jonquel Jones
55%
Connecticut SunC/PF77Brionna Jones
53%
Dallas WingsPG/SG79Kelsey Plum
49%
Minnesota LynxSF/PF93Maya Moore
48%
Atlanta DreamSG/PG81Courtney Williams
45%
New York LibertyPG/SG84Sabrina Ionescu
45%
Chicago SkyPG89Courtney Vandersloot
44%
Atlanta DreamC/PF80Elizabeth Williams
44%
Chicago SkySF/SG76Gabby Williams
44%
Los Angeles SparksSG/PG81Riquna Williams
44%
Dallas WingsSG/PG87Arike Ogunbowale
43%
Minnesota LynxC/PF90Sylvia Fowles
43%
Los Angeles SparksPF/SF84Chiney Ogwumike
42%
Connecticut SunPF/SF89DeWanna Bonner
42%
Connecticut SunPG84Jasmine Thomas
42%
Los Angeles SparksSF/PF91Nneka Ogwumike
42%
Connecticut SunPF/C87Alyssa Thomas
40%
Los Angeles SparksPG/SG88Chelsea Gray
39%
Seattle StormSG84Jewell Loyd
39%
Dallas WingsSG81Allisha Gray
38%
Los Angeles SparksPF77Reshanda Gray
36%
Chicago SkySG/SF87Allie Quigley
35%
Las Vegas AcesPG/SG77Jackie Young
35%
Minnesota LynxSF/PF87Napheesa Collier
34%
Seattle StormPF/C90Natasha Howard
34%
Washington MysticsPF/C84Tina Charles
34%
Chicago SkySF/PF85Diamond DeShields
30%
Seattle StormPG84Jordin Canada
30%
Indiana FeverSG/PG84Kelsey Mitchell
30%
Indiana FeverSG/SF78Tiffany Mitchell
30%
Washington MysticsPG/SG78Leilani Mitchell
29%
Seattle StormSF/PF83Alysha Clark
27%
Washington MysticsPF/C88Emma Meesseman
27%
Chicago SkySF/SG80Kahleah Copper
26%
New York LibertySG/SF81Kia Nurse
26%
Seattle StormC78Mercedes Russell
26%
Washington MysticsSF/SG82Natasha Cloud
26%
Chicago SkyC82Stefanie Dolson
26%
Las Vegas AcesSF/SG87Angel McCoughtry
25%
Atlanta DreamPG81Chennedy Carter
25%
Minnesota LynxPG/SG81Crystal Dangerfield
25%
Atlanta DreamC77Kalani Brown
23%
Minnesota LynxSG76Lexie Brown
23%
Seattle StormSG78Sami Whitcomb
23%
Dallas WingsPF/C79Satou Sabally
23%
Washington MysticsSF/SG84Ariel Atkins
22%
Las Vegas AcesSG/SF87Kayla McBride
22%
Indiana FeverPF/SF83Candice Dupree
21%
Seattle StormSG/PG76Epiphanny Prince
21%
Washington MysticsSF83Aerial Powers
19%
Washington MysticsPF/SF84Myisha Hines-Allen
19%
Chicago SkyPF/C77Azurá Stevens
18%
Las Vegas AcesPG/SG81Danielle Robinson
18%
Las Vegas AcesPF/SF82Dearica Hamby
18%
Atlanta DreamPF/SF77Glory Johnson
18%
Los Angeles SparksPG/SG87Kristi Toliver
18%
Las Vegas AcesSG79Marina Mabrey
18%
Dallas WingsPG77Moriah Jefferson
16%
Las Angeles SparksSG/SF83Seimone Augustus
16%
Atlanta DreamSG83Tiffany Hayes
14%
Atlanta DreamSF/PF83Betnijah Laney
13%
Connecticut SunPG79Briann January
13%
Indiana FeverPG86Erica Wheeler
13%
Connecticut SunSF/PF76Kaleena Mosqueda-Lewis
13%
New York LibertyPG/SG79Layshia Clarendon
13%
Minnesota LynxPG/SG84Odyssey Sims
13%
Indiana FeverC82Teaira McCowan
13%
Los Angeles SparksSG/SF76Brittney Sykes
12%
Indiana FeverPG77Julie Allemand
12%
Minnesota LynxPF/C84Damiris Dantas
10%
Dallas WingsSF/PF80Kayla Thornton
10%
Indiana FeverPF/C81Natalie Achonwa
10%
Dallas WingsSF/PF77Isabelle Harrison
9%
Indiana FeverPF/C79Jantel Lavender
9%
Free AgencySF/SG76Stephanie Talbot
9%
Phoenix MercuryPG/SG77Bria Hartley
8%
New York LibertySG/SF79Asia Durr
6%
Atlanta DreamSF/SG77Kaela Davis
6%
Indiana FeverPF/C76Lauren Cox
6%
Phoenix MercurySG/PG77Shatori Walker-Kimbrough
6%
Washington MysticsSF/PF78Tianna Hawkins
6%
Dallas WingsC/PF79Astou Ndour
5%
Phoenix MercuryPF/SF82Jessica Breland
5%
Free AgencyPG80Brittany Boyd
4%
Washington MysticsPF/C80LaToya Sanders
4%
Free AgencySG/PG77Tayler Hill
4%
Free AgencySG/SF82Alana Beard
1%
Atlanta DreamSF/SG79Shekinna Stricklen
1%
Dallas WingsC77Imani McGee-Stafford
0%

Score Distribution

Percentile by Number Answered

Percent of People with Each Score

Your Score History

You have not taken this quiz